000 00257nam a22001097a 4500
999 _c5799
_d5799
082 _a300.723
100 _aDe Vaus, David
245 _aSurveys In Social Research (Social Research Today)
260 _aNew Delhi
_bPearson
_c2004
300 _a356
942 _cBK